01072nam a22001577a 4500008004100000050002100041100001900062245005700081250000800138260004900146300002900195500001900224505058600243521007700829650000800906140324b xxu||||| |||| 00| 0 eng d aKD1715b.R63(4e) aRobert, Graham aLaw relating to finanical services. /cGraham Robert a4th aLondon:bFinanical World Publishing ,c2001. axxii, 418p.:billsc20cm aInclude index. aContents: The Banker- customer relationship -- Types of customer -- Consumer credit act lending -- Cheques - the paying and collecting banks -- Paper payment systems -- Automated teller machines -- Debit cards -- Insolvency -- Taking security from individuals -- Guarantees -- Land as security -- Shares as security -- Life assurance policies as security -- Taking security from companies -- Charges over bank balance -- Charges over books debts -- Agricultural charges -- Regulation of financial services -- Relevant statutory provisions -- The Mortgage code -- The Banking code. a-+  aLaw